[Event "Udaipur Pandiyar op 8th"]
[Site "Udaipur"]
[Date "2023.10.15"]
[Round "1"]
[White "Arif, Mohammed"]
[Black "Roshan, Lal Kumbharani"]
[Result "1-0"]
[WhiteElo "2174"]
[BlackElo "1235"]
[PlyCount "120"]
[EventDate "2023.10.15"]
[EventType "swiss"]
[EventRounds "9"]
[EventCountry "IND"]
[SourceTitle "Mega2024 Update 01"]
[Source "Chessbase"]
[SourceDate "2023.11.12"]
[SourceVersion "1"]
[SourceVersionDate "2023.11.12"]
[SourceQuality "1"]

1. d4 Nf6 2. c4 c5 3. e3 cxd4 4. exd4 g6 5. Nc3 Bg7 6. Nf3 d6 7. h3 a6 8. Bd3 0-0 9. 0-0 Re8 10. Re1 Nbd7 11. Bf4 h6 12. Qd2 Kh7 13. Re2 Nf8 14. Rae1 Nh5 15. Bh2 f5 16. d5 Bd7 17. Qc2 e5 18. dxe6 Rxe6 19. Nd5 Rxe2 20. Rxe2 Bc6 21. Bxf5 Bxd5 22. cxd5 Nf6 23. Be6 Qb6 24. Nh4 Re8 25. g4 Qc5 26. Qd3 Nxd5 27. Bg8+ Kxg8 28. Rxe8 Qc1+ 29. Kg2 Qc6 30. Qe4 Kf7 31. Rb8 Ne3+ 32. Kf3 Nd5 33. Ng2 Ne6 34. h4 Bxb2 35. Bf4 Nc5 36. Qc4 b5 37. Rc8 bxc4 38. Rxc6 c3 39. Bxd6 Ne6 40. Be5 Nb4 41. Rc4 Nxa2 42. Ra4 Nc1 43. Ne1 Nc5 44. Rc4 N1b3 45. Ke2 a5 46. Bxc3 Bxc3 47. Rxc3 Ke6 48. Nd3 Kd5 49. Nxc5 Nxc5 50. Ke3 a4 51. f4 Nb3 52. Rc8 Nc5 53. Kd2 Kc4 54. Kc2 Kd4 55. f5 gxf5 56. gxf5 Ne4 57. Re8 Nd6 58. f6 Kd5 59. Re7 Nf5 60. Ra7 Nd6 1-0